000 00409nam a22001697a 4500
003 OSt
005 20211228093011.0
008 211228b |||||||| |||| 00| 0 eng d
020 _a0395206227
040 _cHU
082 _a005.131
100 _aPrather E. Ronald
_925622
245 _aDiscrete Mathematical Structures For Computer Science
260 _aNew York
300 _f547
942 _2ddc
_cBOOKS
_n0
999 _c24514
_d24514